Search the Library Catalogue
| 000 -LEADER | |
|---|---|
| fixed length control field | 00500nam a2200157 a 4500 |
| 008 - FIXED-LENGTH DATA ELEMENTS--GENERAL INFORMATION | |
| fixed length control field | 260311s2026##################000#0#eng## |
| 020 ## - INTERNATIONAL STANDARD BOOK NUMBER | |
| ISBN | 9788179931257 |
| 041 ## - LANGUAGE CODE | |
| Language code of text/sound track or separate title | Eng |
| 082 04 - DEWEY DECIMAL CLASSIFICATION NUMBER | |
| Classification number | 339.460950917 ISL |
| 100 ## - MAIN ENTRY--AUTHOR NAME | |
| Personal name | Islam, Nurul |
| 245 10 - TITLE STATEMENT | |
| Title | Reducing Rural Poverty in Asia |
| Sub Title | Challenges and Opportuitiea for Microenterprises and Public Employment Schemes |
| 260 ## - PUBLICATION, DISTRIBUTION, ETC. (IMPRINT) | |
| Place of publication | New York |
| Name of publisher | Food Product Press |
| Year of publication | 2006 |
| 300 ## - PHYSICAL DESCRIPTION | |
| Number of Pages | xxiv, 374 p. ill., |
| Dimensions | 21 cm. |
| 942 ## - ADDED ENTRY ELEMENTS (KOHA) | |
| Koha item type | English Books |
| Withdrawn status | Lost status | Damaged status | Not for loan | Home library | Current library | Shelving location | Date acquired | Full call number | Accession Number | Price effective from | Koha item type |
|---|---|---|---|---|---|---|---|---|---|---|---|
| Anna Centenary Library | Anna Centenary Library | 4TH FLOOR, A WING | 11.03.2026 | 339.460950917 ISL | 533443 | 11.03.2026 | English Books |